Návrh simulačného modelu krátkodobého finančného plánu pre výrobu biopaliva FAME dizertačná práca

Guardado en:
Detalles Bibliográficos
Autor principal: Kudla, Martin
Autor Corporativo: Ekonomická univerzita v Bratislave. Fakulta podnikového manažmentu
Otros Autores: Polednáková, Anna, 1957-
Formato: Libro
Lenguaje:eslovaco
Publicado: Bratislava 2011
Materias:
Etiquetas: Agregar Etiqueta
Sin Etiquetas, Sea el primero en etiquetar este registro!

MARC

LEADER 00000nam a2200000 4500
001 0138988
005 20221207094824.4
041 0 |a slo 
044 |a SK 
245 1 0 |a Návrh simulačného modelu krátkodobého finančného plánu pre výrobu biopaliva FAME  |b dizertačná práca  |c Martin Kudla ; školiteľ: Anna Polednáková 
264 1 |a Bratislava  |c 2011 
300 |a 109 s. 
610 2 0 |a plán finančný 
610 2 0 |a modely simulačné 
610 2 0 |a biopalivá 
100 1 |a Kudla, Martin 
700 1 |a Polednáková, Anna, 1957- 
710 2 |a Ekonomická univerzita v Bratislave. Fakulta podnikového manažmentu